000 00400nam a2200145 i 4500
001 bg
100 1 _aDRAGOŃCZYK, Aleksander
245 0 _aMateriałoznawstwo i technologia dla monterów izolacji cieplnych /
_cAleksander Dragończyk.
260 _aWarszawa,
_c1976.
040 _cBPK
041 _apol
080 _a699.8:662.998:620.2
942 _cKS
008 s pl f |000 0 pol
999 _c16835
_d16835
856 _uhttp://koha.tu.koszalin.pl/cgi-bin/koha/opac-detail.pl?biblionumber=16835
_yKatalog online BPK